Powerful conversations : (Record no. 592247)

000 -LEADER
fixed length control field 01860cam a2200373 i 4500
001 - CONTROL NUMBER
control field 19616707
003 - CONTROL NUMBER IDENTIFIER
control field NUST
005 - DATE AND TIME OF LATEST TRANSACTION
control field 20230120142742.0
008 - FIXED-LENGTH DATA ELEMENTS--GENERAL INFORMATION
fixed length control field 170501s2017 nyua 001 0 eng
010 ## - LIBRARY OF CONGRESS CONTROL NUMBER
LC control number 2017014745
020 ## - INTERNATIONAL STANDARD BOOK NUMBER
International Standard Book Number 9781260019629 (alk. paper)
020 ## - INTERNATIONAL STANDARD BOOK NUMBER
International Standard Book Number 1260019624
040 ## - CATALOGING SOURCE
Original cataloging agency DLC
Language of cataloging eng
Transcribing agency DLC
Description conventions rda
Modifying agency DLC
042 ## - AUTHENTICATION CODE
Authentication code pcc
050 00 - LIBRARY OF CONGRESS CALL NUMBER
Classification number HD30.3
Item number .H3713 2017
082 00 - DEWEY DECIMAL CLASSIFICATION NUMBER
Classification number 658.45,HAR
Edition number 23
100 1# - MAIN ENTRY--PERSONAL NAME
Personal name Harkins, Philip J.,
Relator term author.
9 (RLIN) 99599
245 10 - TITLE STATEMENT
Title Powerful conversations :
Remainder of title how high impact leaders communicate /
Statement of responsibility, etc. Phil Harkins.
250 ## - EDITION STATEMENT
Edition statement Second Edition
250 ## - EDITION STATEMENT
Edition statement Revised edition of the author's
264 #1 - PRODUCTION, PUBLICATION, DISTRIBUTION, MANUFACTURE, AND COPYRIGHT NOTICE
Place of production, publication, distribution, manufacture New York :
Name of producer, publisher, distributor, manufacturer McGraw-Hill Education,
Date of production, publication, distribution, manufacture, or copyright notice [2017]
300 ## - PHYSICAL DESCRIPTION
Extent xvi, 192 pages :
Other physical details illustrations ;
Dimensions 25 cm
336 ## - CONTENT TYPE
Content type term text
Content type code txt
Source rdacontent
337 ## - MEDIA TYPE
Media type term unmediated
Media type code n
Source rdamedia
338 ## - CARRIER TYPE
Carrier type term volume
Carrier type code nc
Source rdacarrier
490 0# - SERIES STATEMENT
Series statement McGraw Hill Education -- Business Classics
505 0# - FORMATTED CONTENTS NOTE
Formatted contents note The discipline of powerful conversations (Page-1),Powerful conversations and high-impact leaders (Page-3),The structure and impact of powerful conversations (Page-19),The types of powerful conversations (Page-43),The swamp : getting into and out of bad conversations (Page-59),Difficult conversations (Page-73),Powerful conversations in practice (Page-90),Powerful conversations and trust (Page-91),The agenda for change (Page-109),Passionate champions (Page-123),Retaining great people (Page-135),The voice of leadership (Page-149),Appendix a powerful conversations toolbox (Page-161).<br/><br/>
650 #0 - SUBJECT ADDED ENTRY--TOPICAL TERM
Topical term or geographic name entry element Communication in management.
650 #0 - SUBJECT ADDED ENTRY--TOPICAL TERM
Topical term or geographic name entry element Leadership.
650 #0 - SUBJECT ADDED ENTRY--TOPICAL TERM
Topical term or geographic name entry element Communication in organizations.
906 ## - LOCAL DATA ELEMENT F, LDF (RLIN)
a 7
b cbc
c orignew
d 1
e ecip
f 20
g y-gencatlg
942 ## - ADDED ENTRY ELEMENTS (KOHA)
Source of classification or shelving scheme
Koha item type Book
Holdings
Withdrawn status Lost status Source of classification or shelving scheme Damaged status Not for loan Permanent Location Current Location Shelving location Date acquired Total Checkouts Full call number Barcode Date last seen Date last checked out Price effective from Koha item type Public note
          Military College of Signals (MCS) Military College of Signals (MCS) General Stacks 11/03/2022 1 658.45,HAR MCS38139 12/06/2023 11/15/2023 11/03/2022 Book Almirah Fresh No.55, Shelf No.2
© 2023 Central Library, National University of Sciences and Technology. All Rights Reserved.